El encantador de perros : (Registro nro. 11307)

Detalles MARC
000 -LIDER
fixed length control field 01090nam a22003257a 4500
001 - NÚMERO DE CONTROL
Identificador de número de control 000469
003 - IDENTIFICACDOR DE NÚMERO DE CONTROL
control field DO-SdBNP
005 - DATE AND TIME OF LATEST TRANSACTION
control field 20171110092806.0
007 - CAMPOS FIJOS DE DESCRIPCIÓN FÍSICA
fixed length control field 000469
008 - ELEMENTOS DE LONGITUD FIJA
fixed length control field 160905b 2010 mx ||||| |||| 00| 0 spa d
020 ## - ISBN
International Standard Book Number 9786071100733
040 ## - FUENTE DE CATALOGACIÓN
Agencia que crea de manera original el registro BPMSU
Idioma de catalogación spa
Agencia que realiza la transcripción BPMSU
082 #4 - NÚMERO DE CLASIFICACIÓN DECIMAL DE DEWEY
Classification number 636.7
Item number M645e
100 1# - ASIENTO PRINCIPAL -- NOMBRE PERSONAL
Nombre personal Millán, César
245 10 - MENCIÓN DE TITULO
Título El encantador de perros :
Mención de responsabilidad César Millán con Melissa Jo Peltier.
246 10 - VARIACION DEL TÍTULO
Título propiamente dicho o título corto El encantador de perros :
Subtítulo los mejores consejos para educar y comprender a tu mascota.
260 ## - PUBLICACIÓN, DISTRIBUCIÓN, ETC. (PIE DE IMPRENTA)
Lugar de publicación, distribución, etc Mexico, D. F. :
Nombre del editor, distribuidor, etc. Aguilar,
Fecha de publicación, distribución, etc 2010.
300 ## - DESCRIPCIÓN FÍSICA
Extensión 255 p. ;
Dimensiones 24 cm.
500 ## - NOTA GENERAL
Nota general Bibliografía: p. 249-250
500 ## - NOTA GENERAL
Nota general Titulo original: Cesar's Way.
500 ## - NOTA GENERAL
Nota general Séptima reimpresión: octubre de 2010
650 #4 - ENCABEZAMIENTO DE MATERIA--TEMÁTICO
Término temático o nombre geográfico como elemento de entrada ANIMALES DOMÉSTICOS
Subdivisión temática general HABITOS Y CONDUCTA
650 #4 - ENCABEZAMIENTO DE MATERIA--TEMÁTICO
Término temático o nombre geográfico como elemento de entrada PERROS
Subdivisión temática general AMAESTRAMIENTO
650 #4 - ENCABEZAMIENTO DE MATERIA--TEMÁTICO
Término temático o nombre geográfico como elemento de entrada COMUNICACIÓN HOMBRE-ANIMAL
700 1# - ASIENTO SECUNDARIO -- NOMBRE PERSONAL
Nombre personal Peltier, Melissa Jo
910 ## - VALIDACIÓN
Validación Validado. Control de calidad MFF
942 ## - ADDED ENTRY ELEMENTS (KOHA)
Source of classification or shelving scheme Dewey Decimal Classification
Koha item type Libros
945 ## - INFORMACIÓN DE PROCESAMIENTO LOCAL
Información de procesamiento local Invetariado extranjero / 2017 VM
956 ## - LOCAL ELECTRONIC LOCATION AND ACCESS (OCLC)
Método de acceso LOPEREZ
Materiales especificados 10
Enlace 20160905
Campo enlazado y núm. de secuencia BPMSU
Nombre de host 00041
Existencias
Withdrawn status Lost status Source of classification or shelving scheme Damaged status Not for loan Collection code Home library Current library Date acquired Source of acquisition Total Checkouts Full call number Barcode Date last seen Price effective from Koha item type Copy number
    Dewey Decimal Classification     Colección General Biblioteca Pública Metropolitana Salomé Ureña Biblioteca Pública Metropolitana Salomé Ureña 09/05/2016 Alfaguara   636.7 M645e BPMSU16090120 09/05/2016 09/05/2016 Libros  
    Dewey Decimal Classification     Colección General Biblioteca Pública Metropolitana Salomé Ureña Biblioteca Pública Metropolitana Salomé Ureña 09/05/2016 Alfaguara   636.7 M645e BPMSU16090121 09/05/2016 09/05/2016 Libros e. 2
    Dewey Decimal Classification     Colección General Biblioteca Pública Metropolitana Salomé Ureña Biblioteca Pública Metropolitana Salomé Ureña 09/05/2016 Alfaguara   636.7 M645e BPMSU16090122 09/05/2016 09/05/2016 Libros e. 3